[Event "10. HIT Open 2005 - A"]
[Site "Nova Gorica SLO"]
[Date "2005.01.30"]
[Round "4.21"]
[White "Muzychuk, Anna"]
[Black "Djingarova, Emilia"]
[Result "1-0"]
[WhiteElo "2387"]
[BlackElo "2292"]
[PlyCount "183"]
[EventDate "2005.01.28"]
[EventType "swiss"]
[EventRounds "9"]
[EventCountry "SLO"]
[Source "lmi"]
[SourceDate "2005.02.03"]

1. e4 c5 2. Nf3 e6 3. b4 b6 4. bxc5 bxc5 5. Nc3 Nc6 6. Rb1 Be7 7. Bc4 Nf6 8.
O-O O-O 9. Re1 d6 10. d4 cxd4 11. Nxd4 Ne5 12. Bf1 Bd7 13. Ba3 a6 14. f4 Ng6
15. e5 dxe5 16. Bxe7 Qxe7 17. fxe5 Nd5 18. Nxd5 exd5 19. Rb7 Qe8 20. Bd3 Qc8
21. Rb3 Nf4 22. Qf3 Nxd3 23. cxd3 Qc5 24. Qf2 Rab8 25. Rxb8 Rxb8 26. Nb3 Qxf2+
27. Kxf2 a5 28. Ke3 a4 29. Nc5 Bc6 30. Rc1 h5 31. d4 Rb6 32. Nd3 h4 33. a3 Bd7
34. Nb4 Rg6 35. Kf3 Bg4+ 36. Kf2 Be6 37. g3 Rg4 38. Rd1 h3 39. Rd2 f6 40. exf6
gxf6 41. Na6 Rg7 42. Nc5 Bg4 43. Rb2 Rg5 44. Ke3 Bd1 45. Rb8+ Kh7 46. Rb2 Rg8
47. Rd2 Re8+ 48. Kf2 Bg4 49. Rb2 Bd1 50. Rd2 Bg4 51. Nxa4 Ra8 52. Nc3 Rxa3 53.
Nxd5 Kg6 54. Ne3 Bd7 55. d5 Kg5 56. Kf3 f5 57. Rb2 Be8 58. Rd2 Bd7 59. d6 Rb3
60. Kf2 Kf6 61. Nd5+ Kg5 62. Nf4 Kg4 63. Nd3 Rb5 64. Re2 Kg5 65. Ne5 Rb7 66.
Nxd7 Rxd7 67. Re6 f4 68. Re5+ Kf6 69. gxf4 Rxd6 70. Kg3 Rd3+ 71. Kg4 Rd4 72.
Rh5 Rd1 73. Rh6+ Kf7 74. Rxh3 Rg1+ 75. Kf5 Rf1 76. Ra3 Kg7 77. h3 Rf2 78. Rg3+
Kh6 79. Ke5 Ra2 80. Rd3 Ra5+ 81. Ke6 Ra6+ 82. Rd6 Ra3 83. h4 Kh5 84. f5 Re3+
85. Kf7 Rf3 86. f6 Kh6 87. Ke7 Kh7 88. h5 Kg8 89. Rd8+ Kh7 90. f7 Re3+ 91. Kd6
Rd3+ 92. Kc7 1-0

[Event "10. HIT Open 2005 - A"]
[Site "Nova Gorica SLO"]
[Date "2005.01.31"]
[Round "5.2"]
[White "Cebalo, Miso"]
[Black "Nevednichy, Vladislav"]
[Result "1/2-1/2"]
[WhiteElo "2519"]
[BlackElo "2559"]
[PlyCount "81"]
[EventDate "2005.01.28"]
[EventType "swiss"]
[EventRounds "9"]
[EventCountry "SLO"]
[Source "lmi"]
[SourceDate "2005.02.03"]

1. d4 g6 2. c4 Bg7 3. e4 d6 4. Nc3 e5 5. dxe5 dxe5 6. Qxd8+ Kxd8 7. f4 Nc6 8.
Nf3 Be6 9. Be2 Nd4 10. Bd3 Nxf3+ 11. gxf3 Ne7 12. fxe5 Bxe5 13. Be3 c6 14.
O-O-O Kc7 15. Kc2 Rhd8 16. f4 Bd4 17. Rhe1 Bxe3 18. Rxe3 Rd4 19. Ne2 Rd7 20.
Ng3 Rad8 21. b3 a5 22. Rde1 f6 23. f5 Bf7 24. Ne2 b5 25. cxb5 gxf5 26. Nc3 f4
27. Rh3 Bg6 28. Rf1 cxb5 29. Rxf4 b4 30. Nb5+ Kb6 31. Rxf6+ Nc6 32. Re6 Kc5 33.
Rg3 Rxd3 34. Rxd3 Rxd3 35. Kxd3 Kxb5 36. h4 Kc5 37. Ke3 a4 38. Rf6 axb3 39.
axb3 Nd4 40. Rf8 Ne6 41. Rc8+ 1/2-1/2

[Event "10. HIT Open 2005 - A"]
[Site "Nova Gorica SLO"]
[Date "2005.01.31"]
[Round "5.3"]
[White "Borisek, Jure"]
[Black "Burmakin, Vladimir"]
[Result "1-0"]
[WhiteElo "2489"]
[BlackElo "2554"]
[PlyCount "113"]
[EventDate "2005.01.28"]
[EventType "swiss"]
[EventRounds "9"]
[EventCountry "SLO"]
[Source "lmi"]
[SourceDate "2005.02.03"]

1. e4 c6 2. d4 g6 3. c4 Bg7 4. Nc3 d6 5. Nf3 Bg4 6. Be2 Bxf3 7. Bxf3 Qb6 8. d5
Nf6 9. O-O Nfd7 10. Be2 O-O 11. Qc2 a5 12. Be3 Qc7 13. Qd2 Na6 14. Rac1 Nac5
15. f3 a4 16. Rc2 Qa5 17. Kh1 Rfe8 18. Rb1 Qb4 19. Qc1 Ne5 20. Qf1 Ned7 21. Nd1
e6 22. dxc6 bxc6 23. Nf2 e5 24. Qc1 Ne6 25. Nd3 Qa5 26. c5 d5 27. exd5 cxd5 28.
b4 axb3 29. axb3 Nc7 30. b4 Qa4 31. c6 Nf8 32. b5 Nxb5 33. Nc5 Qxc2 34. Qxc2
Na3 35. Qc1 Nxb1 36. Qxb1 e4 37. Ba6 exf3 38. Bg1 fxg2+ 39. Kxg2 Be5 40. Qf1
Re7 41. Kh1 Rc7 42. Qf3 Rxc6 43. Qxd5 Raxa6 44. Nxa6 Rxa6 45. Qxe5 Ne6 46. Be3
h5 47. Qf6 Rd6 48. Kg1 Rd1+ 49. Kf2 Rd5 50. Qe7 Rf5+ 51. Ke2 Nf4+ 52. Kd2 Ne6
53. Kd1 Rd5+ 54. Bd2 Nd4 55. Qe8+ Kg7 56. Qe4 Rd7 57. Bc3 1-0

[Event "10. HIT Open 2005 - A"]
[Site "Nova Gorica SLO"]
[Date "2005.01.31"]
[Round "5.5"]
[White "Delchev, Aleksander"]
[Black "Krumpacnik, Domen"]
[Result "1-0"]
[WhiteElo "2597"]
[BlackElo "2364"]
[PlyCount "53"]
[EventDate "2005.01.28"]
[EventType "swiss"]
[EventRounds "9"]
[EventCountry "SLO"]
[Source "lmi"]
[SourceDate "2005.02.03"]

1. e4 e6 2. d4 d5 3. Nd2 dxe4 4. Nxe4 Nd7 5. Nf3 Ngf6 6. Nxf6+ Nxf6 7. c3 c5 8.
Ne5 a6 9. Bg5 Be7 10. dxc5 Qxd1+ 11. Rxd1 Bxc5 12. Be2 Nd7 13. Bh5 Rf8 14. Nc4
g6 15. Bf3 f6 16. Bf4 e5 17. Bh6 Rh8 18. O-O Rb8 19. b4 Be7 20. Bd5 Bf8 21. Be3
g5 22. Rd2 Be7 23. Rfd1 Nf8 24. Ba7 Ra8 25. Nb6 Rxa7 26. Nxc8 Ra8 27. Bxb7 1-0

[Event "10. HIT Open 2005 - A"]
[Site "Nova Gorica SLO"]
[Date "2005.01.31"]
[Round "5.6"]
[White "Jankovic, Alojzije"]
[Black "Kozul, Zdenko"]
[Result "0-1"]
[WhiteElo "2477"]
[BlackElo "2595"]
[PlyCount "116"]
[EventDate "2005.01.28"]
[EventType "swiss"]
[EventRounds "9"]
[EventCountry "SLO"]
[Source "lmi"]
[SourceDate "2005.02.03"]

1. d4 Nf6 2. Nf3 g6 3. c4 Bg7 4. g3 d5 5. cxd5 Nxd5 6. Bg2 Nb6 7. O-O Nc6 8.
Nc3 Bxd4 9. Nxd4 Nxd4 10. Be3 Nf5 11. Qxd8+ Kxd8 12. Rfd1+ Nd7 13. Bf4 c6 14.
Rd3 f6 15. e4 Nd6 16. Bxd6 exd6 17. Rxd6 Ke7 18. Rd4 Nb6 19. e5 fxe5 20. Re1
Kf6 21. Rde4 Re8 22. f4 Bf5 23. fxe5+ Kg7 24. Rb4 Re7 25. a4 Rb8 26. g4 Be6 27.
h3 Nd7 28. a5 Bg8 29. a6 bxa6 30. Rxb8 Nxb8 31. Na4 Nd7 32. e6 Rxe6 33. Rxe6
Bxe6 34. Bxc6 Kf6 35. Bxd7 Bxd7 36. Nc5 Bc8 37. Ne4+ Ke5 38. Ng5 h6 39. Nf7+
Kd5 40. Kf2 Be6 41. Nd8 Bg8 42. Ke3 g5 43. Nb7 Kc6 44. Na5+ Kb6 45. b4 Bd5 46.
Kd4 Bg2 47. Nc4+ Kb5 48. Kc3 Bxh3 49. Ne3 a5 50. bxa5 Kxa5 51. Kc4 Kb6 52. Kb4
Bxg4 53. Nxg4 h5 54. Ne3 h4 55. Kc4 h3 56. Ng4 a5 57. Nh2 Kc6 58. Nf3 Kd7 0-1

[Event "10. HIT Open 2005 - A"]
[Site "Nova Gorica SLO"]
[Date "2005.01.31"]
[Round "5.8"]
[White "Drazic, Sinisa"]
[Black "Kovacevic, Aleksandar"]
[Result "1/2-1/2"]
[WhiteElo "2489"]
[BlackElo "2554"]
[PlyCount "88"]
[EventDate "2005.01.28"]
[EventType "swiss"]
[EventRounds "9"]
[EventCountry "SLO"]
[Source "lmi"]
[SourceDate "2005.02.03"]

1. e4 c5 2. c3 d5 3. exd5 Qxd5 4. d4 Nf6 5. Nf3 e6 6. Be3 cxd4 7. cxd4 Bb4+ 8.
Nc3 O-O 9. Bd3 b6 10. O-O Bxc3 11. bxc3 Ba6 12. Bxa6 Nxa6 13. Qe2 Nb8 14. c4
Qa5 15. Ne5 Nbd7 16. f4 Rac8 17. a4 Qa6 18. a5 bxa5 19. Ra3 Nxe5 20. fxe5 Nd5
21. Bh6 gxh6 22. Qg4+ Kh8 23. cxd5 exd5 24. h3 Rg8 25. Qf5 Rc7 26. Rf2 Rg6 27.
Qf4 Qb6 28. Kh2 Rb7 29. Rc3 a4 30. Rc5 Qd8 31. Qf3 Rd7 32. Qc3 Kg7 33. Ra5 Qh4
34. Qe3 Rc7 35. Rxa4 Qg5 36. Qf3 Qh4 37. Qf4 Qxf4+ 38. Rxf4 h5 39. Rf2 Rgc6 40.
Ra5 Rd7 41. Ra4 Rdc7 42. Ra5 Rd7 43. Ra4 Rdc7 44. Ra5 Rd7 1/2-1/2

[Event "10. HIT Open 2005 - A"]
[Site "Nova Gorica SLO"]
[Date "2005.01.31"]
[Round "5.9"]
[White "Cvitan, Ognjen"]
[Black "Godena, Michele"]
[Result "0-1"]
[WhiteElo "2520"]
[BlackElo "2544"]
[PlyCount "52"]
[EventDate "2005.01.28"]
[EventType "swiss"]
[EventRounds "9"]
[EventCountry "SLO"]
[Source "lmi"]
[SourceDate "2005.02.03"]

1. c4 e6 2. d4 d5 3. Nf3 c6 4. Qc2 dxc4 5. Qxc4 Nf6 6. Bg5 b5 7. Qc2 Bb7 8. e3
Nbd7 9. Nbd2 Rc8 10. Be2 Be7 11. O-O a6 12. a4 O-O 13. Qb3 Nb6 14. Bxf6 gxf6
15. Ne4 Qd5 16. Nfd2 Nxa4 17. Bf3 Qxb3 18. Nxb3 f5 19. Nc3 Nxb2 20. Na5 Ba8 21.
Rfb1 Nd3 22. Nb3 c5 23. Rxa6 Bxf3 24. gxf3 c4 25. Nc5 Bxc5 26. dxc5 b4 0-1

[Event "10. HIT Open 2005 - A"]
[Site "Nova Gorica SLO"]
[Date "2005.01.31"]
[Round "5.12"]
[White "Jaracz, Pawel"]
[Black "Olarasu, Gabriela"]
[Result "1/2-1/2"]
[WhiteElo "2532"]
[BlackElo "2327"]
[PlyCount "119"]
[EventDate "2005.01.28"]
[EventType "swiss"]
[EventRounds "9"]
[EventCountry "SLO"]
[Source "lmi"]
[SourceDate "2005.02.03"]

1. e4 e5 2. Nf3 Nc6 3. Bb5 a6 4. Ba4 Nf6 5. O-O Be7 6. Re1 b5 7. Bb3 d6 8. c3
O-O 9. h3 Na5 10. Bc2 c5 11. d4 Qc7 12. Nbd2 Nc6 13. d5 Na5 14. b3 Bd7 15. Nf1
h6 16. Be3 Rfe8 17. Qd2 Bf8 18. Ng3 Kh7 19. Nh2 Nb7 20. c4 bxc4 21. bxc4 Reb8
22. f4 Na5 23. Bd3 Rb4 24. Rac1 Rab8 25. Rf1 Rb2 26. Rc2 Rb1 27. Qc3 Rxf1+ 28.
Ngxf1 Nh5 29. fxe5 dxe5 30. Nf3 Bd6 31. g4 Nf6 32. Ng3 Ng8 33. Rf2 f6 34. Nf5
Bf8 35. Ne1 Rb4 36. Bc1 Nb7 37. h4 Nd6 38. Ne3 Nf7 39. Bc2 Ne7 40. Nd3 Rb6 41.
Nf5 Ng6 42. h5 Ne7 43. Re2 Nxf5 44. gxf5 Ng5 45. Re3 Be8 46. Bd1 Rb8 47. Kg2
Qb6 48. Qb3 Qc7 49. Qc2 Qa5 50. Kg3 Nf7 51. Bd2 Qd8 52. Nf2 Nd6 53. Rb3 Rxb3+
54. axb3 Qb6 55. Qa2 Nb7 56. Nd3 Nd6 57. Bf3 Nb7 58. Kg2 Be7 59. Be3 a5 60. Bd2
1/2-1/2

[Event "10. HIT Open 2005 - A"]
[Site "Nova Gorica SLO"]
[Date "2005.01.31"]
[Round "5.14"]
[White "Jovanic, Ognjen"]
[Black "Ilic, Ljubomir"]
[Result "1-0"]
[WhiteElo "2477"]
[BlackElo "2229"]
[PlyCount "79"]
[EventDate "2005.01.28"]
[EventType "swiss"]
[EventRounds "9"]
[EventCountry "SLO"]
[Source "lmi"]
[SourceDate "2005.02.03"]

1. d4 Nf6 2. c4 g6 3. Nc3 Bg7 4. e4 d6 5. h3 O-O 6. Nf3 e5 7. d5 a5 8. Bg5 h6
9. Be3 b6 10. g4 Na6 11. Nd2 Kh7 12. Bd3 Bd7 13. a3 c5 14. Bc2 Nc7 15. Ba4 Rb8
16. Qc2 Nfe8 17. Ke2 Bf6 18. Bxd7 Qxd7 19. Rag1 Bg5 20. Bxg5 hxg5 21. Nf3 b5
22. Nxg5+ Kg7 23. Nf3 bxc4 24. Nd2 Nb5 25. Nxb5 Qxb5 26. Nxc4 Nf6 27. Rg3 Nd7
28. Kf3 Qa6 29. Kg2 Rfd8 30. h4 Nb6 31. Ne3 Qb5 32. Qc1 Qa4 33. f3 Qb5 34. h5
Na4 35. Nc4 Nxb2 36. hxg6 Rh8 37. Rgh3 Qxc4 38. Rh7+ Rxh7 39. Rxh7+ Kf6 40. Qh1
1-0

[Event "10. HIT Open 2005 - A"]
[Site "Nova Gorica SLO"]
[Date "2005.01.31"]
[Round "5.15"]
[White "Brkic, Ante"]
[Black "Beletic, Danijel"]
[Result "1-0"]
[WhiteElo "2458"]
[BlackElo "2199"]
[PlyCount "47"]
[EventDate "2005.01.28"]
[EventType "swiss"]
[EventRounds "9"]
[EventCountry "SLO"]
[Source "lmi"]
[SourceDate "2005.02.03"]

1. e4 c5 2. Nf3 Nc6 3. d4 cxd4 4. Nxd4 Nf6 5. Nc3 e5 6. Ndb5 d6 7. Bg5 a6 8.
Na3 b5 9. Bxf6 gxf6 10. Nd5 f5 11. c3 Bg7 12. exf5 Bxf5 13. Nc2 O-O 14. Nce3
Be6 15. Bd3 f5 16. Qh5 e4 17. Bc2 Be5 18. g4 b4 19. gxf5 Bxd5 20. Nxd5 bxc3 21.
bxc3 Qa5 22. O-O Rae8 23. Bxe4 Bxh2+ 24. Qxh2 1-0

[Event "10. HIT Open 2005 - A"]
[Site "Nova Gorica SLO"]
[Date "2005.01.31"]
[Round "5.16"]
[White "Nikolov, Sasho"]
[Black "Ushenina, Anna"]
[Result "0-1"]
[WhiteElo "2431"]
[BlackElo "2357"]
[PlyCount "70"]
[EventDate "2005.01.28"]
[EventType "swiss"]
[EventRounds "9"]
[EventCountry "SLO"]
[Source "lmi"]
[SourceDate "2005.02.03"]

1. e4 c6 2. d4 d5 3. exd5 cxd5 4. c3 Nc6 5. Bf4 Nf6 6. h3 g6 7. Nf3 Bg7 8. Be2
O-O 9. O-O Ne4 10. Nbd2 Nd6 11. Re1 f6 12. c4 Be6 13. Bf1 Bf7 14. c5 Nf5 15.
Nb3 g5 16. Bh2 e6 17. g4 Nfe7 18. Nc1 Ng6 19. Nd3 a5 20. a3 Re8 21. b4 e5 22.
dxe5 fxe5 23. b5 e4 24. bxc6 bxc6 25. Rb1 exf3 26. Rb6 Rc8 27. Rxe8+ Qxe8 28.
Qa4 Bc3 29. Qc2 d4 30. Qc1 Bc4 31. Rb7 h6 32. Qb1 Qe4 33. Ne5 Qxb1 34. Rxb1
Nxe5 35. Bxe5 Bxf1 0-1

[Event "10. HIT Open 2005 - A"]
[Site "Nova Gorica SLO"]
[Date "2005.01.31"]
[Round "5.17"]
[White "Srebrnic, Marko"]
[Black "Muzychuk, Anna"]
[Result "1/2-1/2"]
[WhiteElo "2249"]
[BlackElo "2387"]
[PlyCount "35"]
[EventDate "2005.01.28"]
[EventType "swiss"]
[EventRounds "9"]
[EventCountry "SLO"]
[Source "lmi"]
[SourceDate "2005.02.03"]

1. e4 d5 2. exd5 Nf6 3. d4 Nxd5 4. Nf3 g6 5. h3 Bg7 6. Be2 O-O 7. O-O Nc6 8.
Re1 Nb6 9. c3 e5 10. dxe5 Nxe5 11. Qxd8 Rxd8 12. Bf4 Nxf3+ 13. Bxf3 c6 14. Bc7
Rf8 15. Bd6 Rd8 16. Bc7 Rf8 17. Bd6 Rd8 18. Bc7 1/2-1/2

[Event "10. HIT Open 2005 - A"]
[Site "Nova Gorica SLO"]
[Date "2005.01.31"]
[Round "5.19"]
[White "Cherin, Diego"]
[Black "Srebrnic, Vojko"]
[Result "0-1"]
[WhiteElo "2272"]
[BlackElo "2240"]
[PlyCount "103"]
[EventDate "2005.01.28"]
[EventType "swiss"]
[EventRounds "9"]
[EventCountry "SLO"]
[Source "lmi"]
[SourceDate "2005.02.03"]

1. e4 e5 2. Nf3 Nc6 3. d4 exd4 4. Bc4 Nf6 5. e5 d5 6. Bb5 Ne4 7. Nxd4 Bd7 8.
Bxc6 bxc6 9. O-O Bc5 10. Be3 Bb6 11. f3 Ng5 12. c3 c5 13. Nb3 c4 14. Bxb6 axb6
15. Nc1 Bf5 16. g4 Bxb1 17. Rxb1 Nh3+ 18. Kh1 h5 19. a3 Nf4 20. Qd2 Ne6 21. g5
Nxg5 22. Ne2 Ne6 23. Rbd1 c6 24. Nd4 Qd7 25. Nf5 O-O-O 26. Qc2 Qc7 27. Nd6+
Rxd6 28. exd6 Qxd6 29. b3 cxb3 30. Qxb3 Qc5 31. a4 Rh6 32. a5 b5 33. a6 Kb8 34.
c4 dxc4 35. Qa2 Rh8 36. Rd7 b4 37. Rb1 Ka8 38. Rxf7 b3 39. Qe2 c3 40. Qxe6 c2
41. Qxb3 c1=Q+ 42. Rxc1 Qxc1+ 43. Kg2 Rb8 44. Rf8 Qg5+ 45. Kh3 Qb5 46. Qxb5
cxb5 47. Rf7 b4 48. Rd7 b3 49. Rd1 g5 50. Kg3 Rb4 51. Rb1 g4 52. h4 0-1

[Event "10. HIT Open 2005 - A"]
[Site "Nova Gorica SLO"]
[Date "2005.01.31"]
[Round "5.20"]
[White "Krivec, Jana"]
[Black "Stajner, Samo"]
[Result "1/2-1/2"]
[WhiteElo "2284"]
[BlackElo "2162"]
[PlyCount "92"]
[EventDate "2005.01.28"]
[EventType "swiss"]
[EventRounds "9"]
[EventCountry "SLO"]
[Source "lmi"]
[SourceDate "2005.02.03"]

1. e4 c6 2. d4 d5 3. Nd2 dxe4 4. Nxe4 Nd7 5. Nf3 Ngf6 6. Nxf6+ Nxf6 7. Bc4 Bf5
8. Qe2 e6 9. c3 Be7 10. Ne5 Nd7 11. O-O Nxe5 12. dxe5 O-O 13. g4 Bg6 14. Be3 b5
15. Rad1 Qc7 16. Bb3 c5 17. Qxb5 Qxe5 18. Qe2 Rad8 19. f4 Qe4 20. Bc4 h5 21. h3
hxg4 22. hxg4 Rxd1 23. Rxd1 Rd8 24. Rf1 Kh7 25. Bc1 Qxe2 26. Bxe2 Bd3 27. Bxd3+
Rxd3 28. Kf2 c4 29. Be3 a5 30. Rh1+ Kg8 31. a4 f6 32. Rh5 Bd8 33. Rc5 Bb6 34.
Rc8+ Rd8 35. Rxd8+ Bxd8 36. Bc5 e5 37. fxe5 fxe5 38. Ke3 Kf7 39. Ke4 Ke6 40.
Ba7 Bc7 41. Be3 g6 42. Ba7 Kd6 43. Bf2 Ke6 44. Bh4 Bb6 45. Bg5 Bc7 46. Bh6 Bd6
1/2-1/2

[Event "10. HIT Open 2005 - A"]
[Site "Nova Gorica SLO"]
[Date "2005.01.31"]
[Round "5.21"]
[White "Brustkern, Juergen"]
[Black "Astengo, Marcello"]
[Result "1-0"]
[WhiteElo "2251"]
[BlackElo "2074"]
[PlyCount "33"]
[EventDate "2005.01.28"]
[EventType "swiss"]
[EventRounds "9"]
[EventCountry "SLO"]
[Source "lmi"]
[SourceDate "2005.02.03"]

1. e4 e6 2. Qe2 c5 3. Nf3 Nc6 4. b3 Nd4 5. Nxd4 cxd4 6. Bb2 Bc5 7. c3 dxc3 8.
dxc3 Nf6 9. Nd2 O-O 10. O-O-O a6 11. e5 Nd5 12. Ne4 Ba7 13. c4 Nb4 14. a3 Nc6
15. Qh5 b5 16. Nf6+ gxf6 17. exf6 1-0

[Event "10. HIT Open 2005 - A"]
[Site "Nova Gorica SLO"]
[Date "2005.01.31"]
[Round "5.22"]
[White "Srebrnic, Ana"]
[Black "Miletic, Dean"]
[Result "1/2-1/2"]
[WhiteElo "2226"]
[BlackElo "2134"]
[PlyCount "86"]
[EventDate "2005.01.28"]
[EventType "swiss"]
[EventRounds "9"]
[EventCountry "SLO"]
[Source "lmi"]
[SourceDate "2005.02.03"]

1. Nf3 Nf6 2. c4 g6 3. Nc3 d5 4. cxd5 Nxd5 5. Qa4+ Bd7 6. Qh4 Nxc3 7. dxc3 Bg7
8. Bh6 O-O 9. Ng5 f6 10. Bxg7 fxg5 11. Qh6 Rf7 12. Bd4 e6 13. e4 Nc6 14. Be3 g4
15. O-O-O Ne5 16. Be2 Qf6 17. Bd4 b6 18. c4 Bc6 19. f4 Qxf4+ 20. Qxf4 Rxf4 21.
Rhe1 Rxe4 22. Bxe5 Rxe5 23. Bxg4 Rxe1 24. Rxe1 Bxg2 25. Rxe6 Kf7 26. Re2 Bc6
27. Be6+ Kf6 28. Bh3 Re8 29. Rf2+ Kg7 30. Kd2 h5 31. Rf4 Re4 32. Rxe4 Bxe4 33.
Ke3 Bc6 34. Kd4 Kf6 35. c5 g5 36. cxb6 cxb6 37. Bc8 g4 38. a3 Bf3 39. Ke3 Ke5
40. Bd7 Be4 41. h4 a5 42. Be8 g3 43. Bxh5 g2 1/2-1/2

[Event "10. HIT Open 2005 - A"]
[Site "Nova Gorica SLO"]
[Date "2005.01.31"]
[Round "5.24"]
[White "Stantic, Severino"]
[Black "Djingarova, Emilia"]
[Result "0-1"]
[WhiteElo "2096"]
[BlackElo "2292"]
[PlyCount "80"]
[EventDate "2005.01.28"]
[EventType "swiss"]
[EventRounds "9"]
[EventCountry "SLO"]
[Source "lmi"]
[SourceDate "2005.02.03"]

1. Nf3 Nf6 2. b3 d6 3. d4 c6 4. Nbd2 Qa5 5. Bb2 Nbd7 6. c3 e5 7. e4 Be7 8. Be2
O-O 9. O-O b5 10. a4 bxa4 11. Rxa4 Qc7 12. Qc2 Re8 13. Rfa1 Bf8 14. Ba6 Nb6 15.
R4a2 Bg4 16. Ne1 Bh5 17. f3 Bg6 18. Bd3 Nh5 19. g3 Nf6 20. Ng2 d5 21. dxe5 dxe4
22. fxe4 Ng4 23. Nf3 Bc5+ 24. Kf1 Nd7 25. c4 Ndxe5 26. Bxe5 Nxe5 27. Nxe5 Qxe5
28. Nh4 Bxe4 29. Bxe4 Qxe4 30. Qxe4 Rxe4 31. Ra6 Rc8 32. Rd1 g6 33. Ng2 Re6 34.
Nf4 Rf6 35. Kg2 Rb8 36. Rd3 Re8 37. b4 Bxb4 38. Rxa7 Bd6 39. Rf3 Bxf4 40. gxf4
Re4 0-1

[Event "10. HIT Open 2005 - A"]
[Site "Nova Gorica SLO"]
[Date "2005.01.31"]
[Round "6.4"]
[White "Godena, Michele"]
[Black "Markus, Robert"]
[Result "1/2-1/2"]
[WhiteElo "2544"]
[BlackElo "2584"]
[PlyCount "70"]
[EventDate "2005.01.28"]
[EventType "swiss"]
[EventRounds "9"]
[EventCountry "SLO"]
[Source "lmi"]
[SourceDate "2005.02.03"]

1. e4 c5 2. Nf3 e6 3. c3 d5 4. exd5 Qxd5 5. d4 Nf6 6. Na3 Qd8 7. Nc2 Nbd7 8.
Bd3 Be7 9. Bf4 Qb6 10. Rb1 Qc6 11. Qe2 a6 12. c4 O-O 13. O-O Bd6 14. Ne5 Qc7
15. Nxd7 Bxd7 16. Bxd6 Qxd6 17. Qe5 Qxe5 18. dxe5 Ng4 19. f4 Bc6 20. h3 Nh6 21.
g4 f6 22. exf6 gxf6 23. Rfe1 Rad8 24. Rbd1 Rfe8 25. Bf1 Rxd1 26. Rxd1 f5 27.
Ne3 fxg4 28. hxg4 Rf8 29. g5 Nf5 30. Nxf5 Rxf5 31. Bh3 Rxf4 32. Bxe6+ Kg7 33.
Rd8 Kg6 34. Rg8+ Kh5 35. Rg7 Be4 1/2-1/2

[Event "10. HIT Open 2005 - A"]
[Site "Nova Gorica SLO"]
[Date "2005.01.31"]
[Round "6.5"]
[White "Nevednichy, Vladislav"]
[Black "Saric, Ante"]
[Result "1-0"]
[WhiteElo "2559"]
[BlackElo "2447"]
[PlyCount "41"]
[EventDate "2005.01.28"]
[EventType "swiss"]
[EventRounds "9"]
[EventCountry "SLO"]
[Source "lmi"]
[SourceDate "2005.02.03"]

1. e4 e5 2. Bc4 Nf6 3. d3 c6 4. Nf3 Be7 5. O-O Qc7 6. Re1 O-O 7. Nbd2 d5 8. Bb3
dxe4 9. Nxe4 Nxe4 10. Rxe4 Bf6 11. Bg5 Bf5 12. Re3 Bxg5 13. Nxg5 h6 14. Nxf7
Rxf7 15. Qh5 g6 16. Qxh6 Qd6 17. Bxf7+ Kxf7 18. Qh7+ Kf6 19. Qxb7 Qd4 20. Qxa8
Qb6 21. Rae1 1-0

[Event "10. HIT Open 2005 - A"]
[Site "Nova Gorica SLO"]
[Date "2005.01.31"]
[Round "6.6"]
[White "Lenic, Luka"]
[Black "Cebalo, Miso"]
[Result "1/2-1/2"]
[WhiteElo "2450"]
[BlackElo "2519"]
[PlyCount "49"]
[EventDate "2005.01.28"]
[EventType "swiss"]
[EventRounds "9"]
[EventCountry "SLO"]
[Source "lmi"]
[SourceDate "2005.02.03"]

1. d4 Nf6 2. c4 g6 3. Nc3 Bg7 4. e4 d6 5. Be2 O-O 6. Nf3 Bg4 7. Be3 Nfd7 8. Rc1
a6 9. d5 Bxf3 10. Bxf3 b5 11. Be2 b4 12. Na4 Nb6 13. Nxb6 cxb6 14. Qd2 a5 15.
h4 Nd7 16. h5 Nc5 17. hxg6 hxg6 18. Bh6 Nxe4 19. Qe3 f5 20. Bxg7 Kxg7 21. Qh6+
Kf6 22. Qh4+ Kf7 23. Qh7+ Kf6 24. Qh4+ Kf7 25. Qh7+ 1/2-1/2

[Event "10. HIT Open 2005 - A"]
[Site "Nova Gorica SLO"]
[Date "2005.01.31"]
[Round "6.9"]
[White "Jovanic, Ognjen"]
[Black "Drazic, Sinisa"]
[Result "0-1"]
[WhiteElo "2477"]
[BlackElo "2489"]
[PlyCount "95"]
[EventDate "2005.01.28"]
[EventType "swiss"]
[EventRounds "9"]
[EventCountry "SLO"]
[Source "lmi"]
[SourceDate "2005.02.03"]

1. d4 e6 2. c4 d5 3. Nf3 c6 4. Qc2 dxc4 5. Qxc4 Nf6 6. Bg5 b5 7. Qc2 Bb7 8. e3
Nbd7 9. Nbd2 Rc8 10. a4 a6 11. Be2 Be7 12. O-O O-O 13. Qb3 Nb6 14. Bxf6 gxf6
15. axb5 cxb5 16. e4 Qd7 17. Qe3 Na4 18. b3 Rc3 19. Qh6 Nb6 20. d5 Rd8 21. e5
Bf8 22. Qxf6 Nxd5 23. Qg5+ Kh8 24. Ne4 Rc7 25. Rad1 Qe7 26. Qg4 Bg7 27. g3 h6
28. Bd3 Nc3 29. Nxc3 Rxc3 30. Be4 Bxe4 31. Qxe4 Rxb3 32. Kg2 Rc3 33. Rd4 Rxd4
34. Qxd4 Qc7 35. Rd1 a5 36. Qe4 b4 37. Qa8+ Kh7 38. Qe4+ Kh8 39. Qh4 Qb7 40.
Qd8+ Kh7 41. Rd3 Qe4 42. Rxc3 bxc3 43. Qxa5 Qc6 44. Qa1 c2 45. Qc1 Bxe5 46. g4
Kg8 47. g5 Bf4 48. Qxf4 0-1

[Event "10. HIT Open 2005 - A"]
[Site "Nova Gorica SLO"]
[Date "2005.01.31"]
[Round "6.10"]
[White "Ushenina, Anna"]
[Black "Pavlovic, Milos"]
[Result "0-1"]
[WhiteElo "2357"]
[BlackElo "2485"]
[PlyCount "90"]
[EventDate "2005.01.28"]
[EventType "swiss"]
[EventRounds "9"]
[EventCountry "SLO"]
[Source "lmi"]
[SourceDate "2005.02.03"]

1. d4 Nf6 2. c4 g6 3. Nc3 d5 4. Nf3 Bg7 5. Qb3 dxc4 6. Qxc4 O-O 7. e4 Bg4 8.
Ne5 Be6 9. d5 Bc8 10. Be2 e6 11. O-O exd5 12. exd5 Ne8 13. Bf4 Nd6 14. Qd3 Re8
15. Nc4 Na6 16. Nxd6 cxd6 17. Rfe1 Bf5 18. Qb5 Nc5 19. Bf1 Rxe1 20. Rxe1 a6 21.
Qb4 Rc8 22. Bg3 h5 23. h3 b5 24. a4 bxa4 25. Nxa4 Rb8 26. Qa3 Qa5 27. Ra1 Rb3
28. Qa2 Rxg3 29. fxg3 Ne4 30. Rd1 Nxg3 31. Qc4 Be5 32. Qxa6 Qc7 33. Bc4 Kg7 34.
b3 Qe7 35. Qa5 Ne4 36. Qb6 Qg5 37. Bd3 Qg3 38. Bxe4 Bxe4 39. Qf2 Qxb3 40. Rf1
f5 41. Qa7+ Kh8 42. Re1 Qd3 43. Qe7 Qd4+ 44. Kh1 Qf2 45. Rg1 Qg3 0-1

[Event "10. HIT Open 2005 - A"]
[Site "Nova Gorica SLO"]
[Date "2005.01.31"]
[Round "6.13"]
[White "Olarasu, Gabriela"]
[Black "Cvitan, Ognjen"]
[Result "1/2-1/2"]
[WhiteElo "2327"]
[BlackElo "2520"]
[PlyCount "21"]
[EventDate "2005.01.28"]
[EventType "swiss"]
[EventRounds "9"]
[EventCountry "SLO"]
[Source "lmi"]
[SourceDate "2005.02.03"]

1. Nf3 Nf6 2. c4 b6 3. g3 c5 4. Bg2 Bb7 5. O-O g6 6. Nc3 Bg7 7. d4 cxd4 8. Qxd4
d6 9. Be3 Nbd7 10. Rac1 Rc8 11. b3 1/2-1/2

[Event "10. HIT Open 2005 - A"]
[Site "Nova Gorica SLO"]
[Date "2005.01.31"]
[Round "6.15"]
[White "Jelen, Igor"]
[Black "Zorko, Jure"]
[Result "1/2-1/2"]
[WhiteElo "2346"]
[BlackElo "2300"]
[PlyCount "30"]
[EventDate "2005.01.28"]
[EventType "swiss"]
[EventRounds "9"]
[EventCountry "SLO"]
[Source "lmi"]
[SourceDate "2005.02.03"]

1. d4 Nf6 2. c4 e6 3. Nc3 Bb4 4. Qc2 O-O 5. a3 Bxc3+ 6. Qxc3 b6 7. Bg5 Bb7 8.
f3 h6 9. Bh4 d5 10. e3 Nbd7 11. Nh3 c5 12. cxd5 cxd4 13. Qxd4 e5 14. Qd1 Bxd5
15. Nf2 Qc7 1/2-1/2